Manual on street traffic signs, signals and markings : as prepared by American Engineering Council : for the National Conference on Street and Highway Safety in 1928-1929 as prepared by American Engineering Council :
Descripción Física:
63 p. : il. col. ; 23 cm
MARC
| LEADER | 00000nam a2200000Ia 4500 | ||
|---|---|---|---|
| 001 | 23424 | ||
| 008 | 160829s1930 xx 000 0 cat d | ||
| 080 | |a C-3-390 | ||
| 245 | |a Manual on street traffic signs, signals and markings : |b as prepared by American Engineering Council : |b for the National Conference on Street and Highway Safety in 1928-1929 | ||
| 260 | |a Washington : |b [s.n.], |c 1930 | ||
| 300 | |a 63 p. : |b il. col. ; |c 23 cm | ||
| 590 | |a Prové del fons d'Obres Públiques | ||
| 650 | |a Carreteres |x Congressos |9 48828 | ||
| 650 | |a Seguretat viària |x Congressos |9 48829 | ||
| 650 | |a Senyalització viària |x Congressos |9 48831 | ||
| 901 | |a Arxiu | ||
| 942 | |n 1 | ||
| 952 | |0 0 |1 0 |4 0 |6 C3390 |7 1 |9 54889 |a Arxiu |b Arxiu |d 2012-04-05 |l 0 |o C-3-390 |p 23424 |r 2016-12-01 00:00:00 |w 2016-12-01 |y ARXIU | ||
| 999 | |c 58759 |d 58759 | ||